| 000 | 01028nam a2200253 a 4500 | ||
|---|---|---|---|
| 001 | 000046549 | ||
| 005 | 20250621074009.0 | ||
| 008 | 110414s1997 dr c r 000 0bspa d | ||
| 040 |
_aDO-SdBNP _bspa _cBNPHU |
||
| 082 |
_a923.27293 _bD812i, 1997 |
||
| 100 | 1 |
_aDuarte, Juan Pablo, _d1813-1876 _91494 |
|
| 245 | 1 | 0 |
_aIdeario de Duarte / _ccompilado y anotado por Vertilio Alfau Durán ; prólogo de Ismael Hernández Flores. |
| 250 | _a7a. ed. | ||
| 260 |
_aSanto Domingo : _bInstituto Duartiano, _c1997. |
||
| 300 |
_a30 p. : _bretr. ; _c15 cm. |
||
| 500 | _aIncluye referencias bibliográficas y notas al pie de las páginas | ||
| 590 | _aInventariado, 2019/BT | ||
| 600 | 1 | 0 |
_aDuarte, Juan Pablo, _d1813-1876 _91494 |
| 651 | 4 |
_aRepública Dominicana _xConstitución _91008 |
|
| 651 | 4 |
_aRepública Dominicana _xHistoria _y1844-1930 _xFuentes _938423 |
|
| 651 | 0 |
_aRepública Dominicana _xPolítica y gobierno _945 |
|
| 700 | 1 |
_aAlfau Durán, Vetilio, _d1909-1985 _ecomp. _910091 |
|
| 910 | _aValidado. Control de calidad MFF | ||
| 999 |
_c46038 _d46038 |
||